| 000 | 01303nam a2200289 a 4500 | ||
|---|---|---|---|
| 999 |
_c10697 _d10697 |
||
| 001 | 10697 | ||
| 003 | BD-JhCC | ||
| 005 | 20221025134022.0 | ||
| 008 | 130212p20142004enk287 g s vleng d | ||
| 020 | _a9781408855676 | ||
| 035 | _a(BD-JhCC)10697 | ||
| 040 |
_aUkOxU _cUkOxU _dBD-JhCC |
||
| 041 | 1 |
_aeng _heng |
|
| 082 |
_a823.914 _bROW 2014 |
||
| 100 | _aRowling, J.K. | ||
| 245 | 0 | 0 |
_aHarry Potter and the prisoner of Azkaban / _cJ.K. Rowling |
| 246 | 3 | _aHarry Potter and the goblet of fire | |
| 260 |
_a[London] : _bWarner Home Video, _c2014. |
||
| 300 |
_a460p. : _c21 cm. |
||
| 520 | _aIn their third year at Hogwarts Harry, Ron and Hermione meet escaped prisoner Sirius Black. Harry must withstand soul-sucking Dementors, outsmart a werewolf and deal with the truth about Sirius and his relationship to Harry and his parents. Returning for his fourth year, Harry is entered into the Triwizard Tournament, a contest among three wizarding schools. Lord Voldemort has returned and Harry and his friends must face unimaginable challenges. | ||
| 600 | 1 | 0 |
_aPotter, Harry _c(Fictitious character) |
| 650 | 0 | _aHogwarts School of Witchcraft and Wizardry (Imaginary organization) | |
| 650 | 0 |
_aWizards _vFiction. |
|
| 650 | 0 |
_aMagic _vFiction. |
|
| 650 | 0 | _aFantasy. | |
| 942 |
_2ddc _cBK _019 |
||